00422nam a2200157Ia 45000010006000000050017000060080041000230410008000640820015000721000033000872450087001202600009002073000034002166500006002506540008002562317020260414150919.0260414t2014||||xx |||||||||||||| ||spa|| aESP a625.7bC88 aCrespo Villalaz, CarloseAUT 0aVías de comunicación :bcaminos, ferrocarriles, aeropuertos, puentes y puertos c2014 axvii, 736 páginas :c23 cm. a0 aCIC